[Event "Stay Safe Play From Home 299"]
[Site "Emanuel Lasker Arena"]
[Date "2020.07.13"]
[Round "5"]
[White "SoulofWolf"]
[Black "Cirovicz"]
[Result "1-0"]
[WhiteElo "2167"]
[BlackElo "1953"]
[Annotator "TA"]
[PlyCount "55"]
[EventDate "2020.07.13"]
[EventType "swiss (blitz)"]

{[%evp 9,54,58,69,8,15,0,119,24,127,76,268,129,390,253,342,74,167,142,1451,-197,-206,-209,-197,-257,-186,-255,-195,-256,-229,-277,-245,-233,-241,-286,-79,-162,-46,-81,0,0,447,440,29988,490,29998,29999,29999]} 1. e4 e5 2. Nc3 Nc6 3. Nf3 d6 4. d4 Bg4 5. d5 Nd4 6. Be2 {C46: 3 Nc3: Unusual Black 3rd moves.} (6. Be3 $14) 6... Nxe2 $11 7. Qxe2 {[#]} Qf6 $146 (7... a6 $11) ({Predecessor:} 7... c5 8. h3 Bd7 9. a4 Be7 10. Nd2 f5 11. exf5 Bxf5 12. Nc4 Nf6 13. f4 exf4 14. Bxf4 {½-½ (49) Schulz,P (2109)-Misanovic,V (2295) Germany 2014}) 8. Be3 (8. Qb5+ $16 Bd7 9. Qxb7) 8... Bxf3 (8... a6 $11 {remains equal.}) 9. gxf3 ({But not} 9. Qxf3 $6 Qxf3 10. gxf3 f5 $11) (9. Qb5+ $142 Kd8 10. Qxb7 (10. gxf3 Qxf3 11. Rg1 b6 $11)) 9... O-O-O $2 (9... a6 $16) 10. O-O-O ({Don't play} 10. Bxa7 $6 g6 $18) (10. h4 $18 {and White stays clearly on top.}) 10... Kb8 $2 {[%mdl 8192]} (10... a6 $16) 11. Qd2 {Black must now prevent Bg5.} Ne7 {[#]} 12. Nb5 $2 (12. Bxa7+ $1 $18 {[%mdl 512] and the rest is easy.} Kc8 (12... Kxa7 13. Nb5+) 13. Nb5) 12... b6 (12... a6 $16 {was worth a try.}) 13. Qb4 $18 {Threatens to win with Qc4.} c6 $2 {[%mdl 8192] [#]} (13... c5 $16 14. dxc6 Nxc6) 14. Qa4 $4 {[%mdl 8192]} (14. Nxa7 $1 $18 {[%mdl 512] was the only winning move.} Ka8 (14... Kxa7 15. Qxb6+) 15. Qxb6 {[%mdl 64] Double Attack} Rd7 16. Nxc6 Nxc6 17. dxc6 Qd8 18. Qa6+ Kb8 19. Rd5 $1 {[%mdl 512]}) 14... cxb5 $19 15. Qxb5 Nc8 $1 ({Inferior is} 15... Qxf3 16. Bxb6 $1 {[%mdl 512]} axb6 17. Qxb6+ Kc8 18. Qa6+ Kd7 19. Qb5+ Kc7 20. Qa5+ Kc8 21. Qa6+ Kd7 22. Qb5+ Kc8 23. Qa6+ $14) 16. Rd3 (16. a4 $142) 16... Qe7 17. Rc3 (17. a4 {is a better defense.}) 17... Qb7 18. Rc6 (18. a4 $142) 18... Be7 19. Rd1 g6 20. Rd3 f5 21. Rdc3 fxe4 $2 (21... f4 $19 22. Bd2 Bh4) 22. fxe4 (22. a4 $17) 22... Rhf8 ({Better is} 22... h6 $1 $19 {...Bg5 is the strong threat.} 23. a4 Bg5) 23. a4 {[%cal Ba2a4,Ba4a5,Ba5a6][%mdl 32] [#]} Rd7 (23... Bh4 $1 $17 {[%cal Rh4f2]} 24. a5 Bxf2) 24. a5 $36 {[%mdl 2048] aiming for a6. White has the initiative.} h6 $2 {[%mdl 8192]} (24... a6 $11 {and Black has nothing to worry.} 25. Qf1 b5) 25. a6 $18 Qa8 {[#]} (25... Qc7 $18 26. Rxc7 Rxc7 27. Bxh6 Rxf2) 26. Qc4 (26. Rxc8+ $142 $1 {[%mdl 512]} Rxc8 27. Qxd7 {[%mdl 64] Double Attack} Rxc3 28. bxc3 g5 29. f4 gxf4 30. Qxe7 Kc8 31. Bf2 Qb8 32. Bh4 Qc7 33. Qe8+ Qd8 34. Qxd8#) 26... g5 (26... Qxc6 $18 27. Qxc6 Rfd8 28. Bxh6 Bf6) 27. Rxc8+ {[%mdl 64] Back Rank} Rxc8 28. Qxc8# {Accuracy: White = 18%, Black = 15%.} 1-0

[Event "Stay Safe Play From Home 299"]
[Site "Emanuel Lasker Arena"]
[Date "2020.07.13"]
[Round "5"]
[White "Lazieri3"]
[Black "AChessPlayer"]
[Result "0-1"]
[WhiteElo "2078"]
[BlackElo "2364"]
[Annotator "TA"]
[PlyCount "86"]
[EventDate "2020.07.13"]
[EventType "swiss (blitz)"]

{[%evp 9,85,-10,-12,-28,1,0,0,-13,6,0,4,-24,-31,-29,-6,-10,27,0,16,-17,-19,-297,-297,-292,-257,-334,-327,-345,-343,-345,-350,-345,-326,-323,-320,-719,-719,-733,-732,-709,-718,-711,-709,-742,-741,-748,-735,-745,-741,-969,-949,-969,-955,-945,-933,-1096,-1114,-1262,-1187,-2406,-2122,-29991,-29992,-29992,-29993,-29997,-29993,-29995,-29996,-29996,-29997,-29997,-29998,-29999,-29999,-29999,-29997,-29999]} 1. e4 c5 2. Nc3 d6 3. d3 Nc6 4. Nf3 g6 5. Be3 Bg7 6. Qd2 {B50: Sicilian: 2...d6, Miscellaneous.} Bg4 7. Be2 {[#]} e5 $146 ({Predecessor:} 7... Nf6 8. h3 Bd7 9. O-O-O O-O 10. Rdg1 Qb8 11. h4 b5 12. Bh6 Ng4 13. Bxg7 Kxg7 {0-1 (64) Bako,E (1152)-Valpas,J Kouty nad Desnou 2019}) 8. h3 {The position is equal.} Be6 9. Ng5 Bd7 10. Nf3 h6 11. Nd5 Be6 12. c4 Nd4 13. Bd1 Ne7 14. Ba4+ Nec6 15. O-O $2 {[%mdl 8192] Loses the game.} (15. Bxd4 $11 cxd4 16. O-O) 15... Nxf3+ $19 16. gxf3 Bxh3 17. f4 Qh4 {[#] ( -> ...Qg4+)} 18. f3 Qg3+ 19. Kh1 Bxf1 20. Rxf1 Qh3+ 21. Kg1 exf4 22. Nc7+ $2 {[#]} (22. Nxf4 Qg3+ 23. Qg2 Qxg2+ 24. Kxg2) 22... Kd7 23. Nxa8 fxe3 ({Not} 23... Rxa8 24. Bxf4 h5 25. Qf2 $17) 24. Qg2 Qxg2+ 25. Kxg2 Rxa8 26. Re1 Bd4 27. f4 h5 28. Kf3 a6 29. Bxc6+ Kxc6 {[%mdl 4096] Endgame KRB-KR} 30. b3 Re8 31. Rh1 b5 32. f5 Kb6 33. Rg1 Ka5 34. fxg6 fxg6 35. Rxg6 Rf8+ {Black mates.} 36. Ke2 Rf2+ 37. Ke1 Rxa2 38. Rxd6 Bc3+ 39. Kf1 e2+ 40. Kg2 e1=Q+ 41. Kf3 Qf1+ 42. Ke3 Rg2 {[%cal Rg2g3]} 43. Rb6 Bd4# {Accuracy: White = 56%, Black = 87%.} 0-1

[Event "Stay Safe Play From Home 299"]
[Site "Emanuel Lasker Arena"]
[Date "2020.07.13"]
[Round "5"]
[White "Bardellosport"]
[Black "Weltszmerc"]
[Result "1-0"]
[WhiteElo "2052"]
[BlackElo "2177"]
[Annotator "TA"]
[PlyCount "87"]
[EventDate "2020.07.13"]
[EventType "swiss (blitz)"]

{[%evp 9,87,52,55,38,71,65,72,68,54,17,41,-94,-104,-104,-98,-126,-112,-340,-102,-159,-93,-476,-459,-460,-335,-337,-338,-416,-408,-432,-408,-443,-438,-411,-393,-401,-383,-374,-248,-249,-246,-301,-301,-323,-314,-324,-316,-345,-327,-339,-327,-336,-317,-327,-322,-345,-337,-330,-324,-394,-381,-813,-795,-1433,-858,-846,-821,-921,-921,-29981,-936,-29976,-29979,-29977,-29978,-29984,-29980,-29986,-29952,-5945]} 1. e4 Nf6 2. e5 Nd5 3. Nc3 Nb6 4. f4 d6 5. d4 g6 6. Nf3 {B02: Alekhine's Defence: Chase Variation and lines with early Nc3.} dxe5 7. fxe5 Bg7 8. Be3 {White is better.} O-O 9. Bd3 {[#]} c5 $146 ({Predecessor:} 9... f6 10. Qd2 Bg4 11. exf6 exf6 12. O-O-O c6 13. Bh6 Be6 14. h4 Nd5 15. Nxd5 Qxd5 16. Bxg7 Kxg7 {1-0 (33) Shatil,O (1189)-Stefan,I (1389) Bratislava 2019}) 10. d5 (10. dxc5 $14 {keeps the upper hand.} Nd5 11. Qd2) 10... Nxd5 $17 11. Nxd5 Qxd5 12. Qe2 Bg4 13. O-O-O $2 (13. Bc4 $17 {was necessary.} Qc6 14. O-O-O) 13... Bxf3 $2 (13... Qxa2 $19 {has better winning chances. Strongly threatening ...Nc6.} 14. Be4 Nc6) 14. gxf3 ({Better is} 14. Qxf3 Qxe5 15. c3) 14... Qxe5 ({Black should play} 14... Qxa2 {...Qa1+ is the strong threat.} 15. c3 Bxe5) 15. Qf2 $2 {[%mdl 8192]} (15. c3 $17 {was the crucial defense.}) 15... Qxb2+ $19 {[%mdl 64] [#] Double Attack} 16. Kd2 Qc3+ 17. Ke2 Nd7 18. Be4 Qc4+ 19. Bd3 Qxa2 20. Bxc5 Nxc5 21. Qxc5 b6 22. Qb4 Qe6+ 23. Qe4 Qxe4+ 24. Bxe4 Rad8 25. Rb1 f5 26. Bd3 Rd4 27. Rb5 Rfd8 28. Rhb1 Kf7 29. Kf2 Bf6 30. h3 R8d7 31. R5b3 e5 32. Ra3 e4 33. fxe4 fxe4 34. Be2 Rd2 35. Re3 $2 {[#]} (35. Ra4) 35... Bd4 36. Re1 Bxe3+ 37. Kxe3 Rxc2 {[%mdl 4096] Endgame KRR-KRB} 38. Rf1+ Kg7 39. Kf4 Rc3 (39... Rxe2 $142 40. Ke5 Re7+ 41. Kd4 e3 42. Kc3 a5 43. Ra1 Rd2 44. h4 Rc7+ 45. Kb3 e2 46. Ka4 Rd1 47. Kb5 e1=Q 48. Ka6 Rxa1 49. h5 gxh5 50. Kb5 Rb1+ 51. Ka6 Qf1#) 40. Kg4 Rf7 {Black mates.} 41. Rxf7+ Kxf7 42. Bf1 Rc5 43. Kf4 Kf6 44. Ke3 {[%mdl 32768] Accuracy: White = 34%, Black = 61%. . Sensor Board Error (Ke4/e5)?} 1-0

[Event "Stay Safe Play From Home 299"]
[Site "Emanuel Lasker Arena"]
[Date "2020.07.13"]
[Round "5"]
[White "Haxhi Baha"]
[Black "Greblha"]
[Result "1-0"]
[WhiteElo "2016"]
[BlackElo "1883"]
[Annotator "TA"]
[PlyCount "91"]
[EventDate "2020.07.13"]
[EventType "swiss (blitz)"]

{[%evp 9,90,16,73,7,10,10,11,14,6,0,15,0,0,0,0,0,7,-17,-10,-19,0,0,0,0,0,0,0,0,0,0,0,0,0,-18,-5,-32,-16,-79,-14,-18,38,-40,22,0,16,0,23,-12,-20,-55,72,0,14,12,75,81,135,77,117,98,216,215,211,200,249,164,337,241,443,466,481,477,495,505,907,642,1398,958,29994,1259,29991,1111,29999]} 1. e4 c6 2. Nf3 d5 3. Nc3 Nf6 4. e5 Ne4 5. d4 Bg4 (5... Nxc3 $11 6. bxc3 e6) 6. Be2 {B11: Caro-Kann: Two Knights Variation.} (6. Nxe4 $16 {Threatens to win with Nc5.} dxe4 7. h3) 6... Nxc3 $11 7. bxc3 e6 8. h3 {The position is equal.} Bh5 9. O-O {[#]} Nd7 $146 ({Predecessor:} 9... Be7 10. a4 O-O 11. Nh2 Bxe2 12. Qxe2 Qc7 13. f4 c5 14. Ba3 Nc6 15. Nf3 Na5 16. Kh1 Rac8 17. Qd3 {½-½ (17) Bhend,E (2250)-Noyer,O (2024) Lenzerheide 2010}) 10. c4 dxc4 11. Bxc4 Nb6 12. Be2 Be7 13. c4 O-O 14. Rb1 c5 15. d5 exd5 16. cxd5 Qxd5 17. Qxd5 Nxd5 18. Rxb7 Rfb8 19. Rd7 Rd8 20. Rb7 Rdb8 21. Rxb8+ Rxb8 22. g4 Bg6 23. Nd2 {[#]} (23. Re1 $11) 23... Nc3 (23... Nf4 $1 $17 {[%cal Rf4e2]} 24. Bc4 h6) 24. Bc4 Nb1 (24... Rd8 $11) 25. Nb3 (25. Nxb1 $14 Bxb1 26. Ba3) 25... Nc3 (25... Rb4 $1 $15 26. Na5 Bd8) 26. f4 {And now f5 would win.} Be4 27. Bd2 $36 {[%mdl 2048] White is pushing.} Bd5 (27... Rb4 {is interesting.} 28. Bxf7+ Kxf7 29. Bxc3 Ra4 30. Rf2 Rc4) 28. Bxc3 (28. Bxd5 {with more complications.} Nxd5 29. Rc1 Nb4 30. Nxc5 Nxa2 31. Rc2) 28... Bxc4 29. Rb1 Bxb3 (29... g6 $15 {stays ahead.}) 30. axb3 $15 {[%mdl 4096] Endgame KRB-KRB} (30. Rxb3 $16 Rb6 31. Ra3) 30... c4 31. b4 {[%cal Bb3b4,Bb4b5][%mdl 32]} a5 (31... Kf8 $11 {keeps the balance.}) 32. b5 $16 Kf8 ({Better is} 32... a4) 33. Kf2 (33. Bxa5 $142 Bc5+ 34. Kg2) 33... Bc5+ 34. Kf3 Ke7 (34... Bb6 $16 {was worth a try.}) 35. Ke4 $18 a4 36. Kd5 Bf2 37. Kxc4 a3 $2 {[#]} (37... Rc8+ 38. Kb4 a3) 38. Ra1 Ra8 $2 (38... Rc8+ 39. Kb3 Bg3 40. Bb4+ (40. Rxa3 Bxf4 41. b6 Ke6 $18) 40... Ke6 41. f5+ (41. Rxa3 Bxf4 42. Ra6+ Kd5 $18) (41. Kxa3 Ra8+ 42. Kb2 Rxa1 $11) (41. Bxa3 Bxf4 42. Bb2 Bxe5 $16) 41... Kxe5 42. Rxa3 (42. Bxa3 Ke4 $18) 42... Bf2 43. Bc3+ Kd5) 39. Bb4+ Kd7 40. Rxa3 Rc8+ 41. Kd5 Bg1 (41... Rc1 $142 42. Rd3 Ke8) 42. Ra6 Rc2 43. b6 Ke8 44. Bd6 (44. b7 $142 f6 45. b8=Q+ Rc8 46. Qxc8+ Kf7 47. Qf8+ Kg6 48. Qe8+ Kh6 49. Qh5#) 44... Rb2 45. Kc6 (45. Ra8+ $142 Kd7 46. Ra7+ Ke8 47. Re7+ Kd8 48. Rxf7 Rd2+ 49. Ke6 Rxd6+ 50. exd6 Kc8 51. Rc7+ Kb8 52. d7 Bxb6 53. d8=Q#) 45... Kd8 46. Ra8# {Accuracy: White = 47%, Black = 42%.} 1-0

[Event "Stay Safe Play From Home 299"]
[Site "Emanuel Lasker Arena"]
[Date "2020.07.13"]
[Round "5"]
[White "Chase the sun"]
[Black "NeatFox"]
[Result "0-1"]
[WhiteElo "1783"]
[BlackElo "1830"]
[Annotator "NA RC"]
[PlyCount "60"]
[EventDate "2020.07.13"]
[EventType "swiss (blitz)"]

{Lerch, Martin Erik} 1. e4 {[%emt 0:00:01]} e5 {[%emt 0:00:01]} 2. Nc3 {[%emt 0:00:01]} Nc6 {[%emt 0:00:00]} 3. Bc4 {[%emt 0:00:01]} d6 {[%emt 0:00:00]} 4. d3 {[%emt 0:00:01]} Bg4 {[%emt 0:00:01]} 5. f4 {[%emt 0:00:00]} Bxd1 {[%emt 0:00:01]} 6. Nxd1 {[%emt 0:00:01]} Nf6 {[%emt 0:00:00]} 7. Nf3 {[%emt 0:00:01]} exf4 {[%emt 0:00:00]} 8. Bxf4 {[%emt 0:00:01]} Be7 {[%emt 0:00:01]} 9. O-O {[%emt 0:00:01]} O-O {[%emt 0:00:00]} 10. Ne3 {[%emt 0:00:00]} Nd7 {[%emt 0:00:01]} 11. c3 {[%emt 0:00:01]} Nde5 {[%emt 0:00:01]} 12. Bb3 {[%emt 0:00:03]} Nxf3+ {[%emt 0:00:01]} 13. Rxf3 {[%emt 0:00:00]} Ne5 {[%emt 0:00:00]} 14. Rg3 {[%emt 0:00:02]} Nxd3 {[%emt 0:00:01]} 15. Rf1 {[%emt 0:00:02]} Nxb2 {[%emt 0:00:01]} 16. Nd5 {[%emt 0:00:02]} Kh8 {[%emt 0:00:04]} 17. Bc2 {[%emt 0:00:05]} Nc4 {[%emt 0:00:02]} 18. Rh3 {[%emt 0:00:02]} g6 {[%emt 0:00:01]} 19. Bh6 {[%emt 0:00:02]} Re8 {[%emt 0:00:03]} 20. Rxf7 {[%emt 0:00:02]} Ne5 {[%emt 0:00:02]} 21. Rf4 {[%emt 0:00:06]} Bf8 {[%emt 0:00:02]} 22. Ne3 {[%emt 0:00:04]} Bxh6 {[%emt 0:00:01]} 23. Rxh6 {[%emt 0:00:00]} Kg7 {[%emt 0:00:01]} 24. Rh3 {[%emt 0:00:00]} g5 {[%emt 0:00:01]} 25. Rfh4 {[%emt 0:00:00]} gxh4 {[%emt 0:00:01]} 26. Nf5+ {[%emt 0:00:01]} Kh8 {[%emt 0:00:02]} 27. Rxh4 {[%emt 0:00:01]} Qg5 {[%emt 0:00:02]} 28. h3 {[%emt 0:00:04]} Nf3+ {[%emt 0:00:01]} 29. Kf2 {[%emt 0:00:03]} Nxh4 {[%emt 0:00:00]} 30. e5 {[%emt 0:00:01]} Nxf5 {[%emt 0:00:01] Chase the sun gibt auf (Lag: Av=0.53s, max=1.3s)} 0-1

[Event "Stay Safe Play From Home 299"]
[Site "Emanuel Lasker Arena"]
[Date "2020.07.13"]
[Round "5"]
[White "Justwatch"]
[Black "Lamborghini"]
[Result "1-0"]
[WhiteElo "1672"]
[BlackElo "2176"]
[Annotator "TA"]
[PlyCount "141"]
[EventDate "2020.07.13"]
[EventType "swiss (blitz)"]

{[%evp 13,140,14,14,-4,3,-18,14,0,1,-21,18,21,8,-7,17,12,35,7,22,-16,-35,-216,-208,-297,-77,-101,-111,-250,-191,-277,-208,-224,-224,-209,-171,-173,-178,-188,-188,-188,-195,-226,-188,-319,-319,-319,-319,-319,-319,-585,-558,-739,-707,-753,-731,-753,-753,-733,-726,-718,-718,-697,-646,-695,2570,2562,2562,2562,2562,2555,2425,2421,3477,3477,29975,5531,29977,29977,29977,29978,29981,29982,29984,29985,29989,29987,29987,29988,29988,29989,29989,29986,29986,29987,29988,29989,29989,29989,29991,29992,29992,29992,29992,29992,29992,29993,29993,29992,29992,0,29993,29989,29990,29984,29986,29987,29992,29993,29993,29994,29994,29995,29995,29992,29992,29993,29996,29997,29999]} 1. e4 c5 2. Nf3 d6 3. Nc3 Nf6 4. g3 e5 5. Bg2 Be7 6. d3 O-O 7. O-O Nc6 8. Bd2 {[#] A04: Unusual lines after 1 Nf3 and King's Indian Attack.} b6 $146 ({Predecessor:} 8... a6 9. a3 Bg4 10. Ne2 Qd7 11. b4 cxb4 12. axb4 b5 13. c3 Bh3 14. Ng5 Bxg2 15. Kxg2 {1-0 (48) Alowitz,A (1686)-Rao,V (1464) Colonie 2016}) 9. Qc1 Bb7 10. a3 {The position is equal.} Rc8 11. Bg5 h6 12. Bxf6 Bxf6 13. Nd5 Bg5 14. Nxg5 Qxg5 15. f4 exf4 16. Rxf4 Nd4 $36 {[%mdl 2048] [#] And now ...Ne2+ would win. Black is more active.} 17. h4 $2 (17. Rf2 $15 Qxc1+ 18. Rxc1) 17... Ne2+ 18. Kf2 (18. Kf1 $142 Qxg3 19. Rf3) 18... Qxf4+ $2 (18... Nxc1 $2 {loses.} 19. hxg5 Nxd3+ 20. cxd3 $18) (18... Qxg3+ $19 {is more deadly.} 19. Kxe2 Qxg2+ 20. Rf2 Qg4+ {[%mdl 64] Double Attack} 21. Kd2 Bxd5 22. exd5 Qd4) 19. Qxf4 Nxf4 20. Nxf4 (20. Ne7+ $17 Kh7 21. Nxc8 Nxd3+ 22. cxd3 Bxc8 23. Ke3) 20... Rfe8 21. Rg1 (21. b3 $142) 21... a5 22. Bh3 Rc7 23. b3 Rce7 24. a4 Bc6 25. Bf5 g6 26. Bh3 Kg7 27. g4 Re5 28. h5 (28. c4 {is a better defense.}) 28... d5 $19 29. hxg6 fxg6 30. exd5 Bxd5 31. Kg3 $2 (31. Nxd5 Rxd5 32. Bg2) 31... Bf7 32. Rf1 g5 33. Nh5+ Bxh5 34. gxh5 {[%mdl 4096] Endgame KRR-KRB} Re3+ 35. Kg2 Re2+ 36. Rf2 Rxf2+ 37. Kxf2 {KR-KB} Kf6 38. Bd7 Ke5 $4 {[%mdl 8192]} (38... Rd8 $19 39. Bh3 Rd4) 39. Bxe8 $18 {KB-KP} Kd4 40. Bg6 Kc3 41. d4 Kxd4 42. Bd3 c4 43. Bxc4 Kc3 44. Bd3 (44. Ke3 $142 Kxc2 45. Ke4 Kd2 46. Kf5 Ke3 47. Kg6 g4 48. Kxh6 g3 49. Bd5) 44... Kb4 45. Ke3 Kc3 46. Ke4 Kb4 47. Kf5 b5 48. axb5 g4 49. Kxg4 {KB-KPP} Kc5 50. Kf5 Kb6 51. Kg6 a4 52. b4 a3 53. Bc4 Kc7 54. Ba2 Kd6 55. Kxh6 {KB-KP} Kc7 56. Kg7 Kb6 57. h6 Kxb5 58. h7 Kxb4 59. h8=Q Kc3 60. Bb3 Kb2 {[#]} 61. Ba2 $1 Ka1 $2 {[%mdl 8192]} (61... Kc3 $11 62. Kg6+ Kd2 63. Qd4+ Ke1 64. Qe3+ Kf1 65. Bd5 a2 66. Bf3 a1=Q 67. Qe2+ Kg1 68. Qg2#) (61... Kxa2 62. Qh3) 62. Kg8+ {White mates.} Kxa2 63. c3 Kb2 64. c4+ Kb3 65. c5 a2 66. c6 Kb4 67. Qb2+ Kc5 68. Qc2+ Kd6 69. Qxa2 Ke7 70. Qd5 Ke8 71. Qd7# {Never resign too early! Accuracy: White = 51%, Black = 54%.} 1-0

[Event "Stay Safe Play From Home 299"]
[Site "Emanuel Lasker Arena"]
[Date "2020.07.13"]
[Round "5"]
[White "Klasman"]
[Black "Sfantul321"]
[Result "0-1"]
[WhiteElo "1312"]
[BlackElo "1958"]
[Annotator "NA RC"]
[PlyCount "30"]
[EventDate "2020.07.13"]
[EventType "swiss (blitz)"]

1. f4 {[%emt 0:00:02]} d5 {[%emt 0:00:00]} 2. Nf3 {[%emt 0:00:01]} Bg4 {[%emt 0:00:01]} 3. e3 {[%emt 0:00:01]} e6 {[%emt 0:00:01]} 4. c4 {[%emt 0:00:02]} Nf6 {[%emt 0:00:00]} 5. cxd5 {[%emt 0:00:03]} exd5 {[%emt 0:00:01]} 6. Qb3 {[%emt 0:00:03]} b6 {[%emt 0:00:01]} 7. Ne5 {[%emt 0:00:09]} c6 {[%emt 0:00:02]} 8. Qa4 {[%emt 0:00:07]} Qc7 {[%emt 0:00:02]} 9. d4 {[%emt 0:00:06]} Bd7 {[%emt 0:00:03]} 10. Nxd7 {[%emt 0:00:02]} Nbxd7 {[%emt 0:00:01]} 11. Nc3 {[%emt 0:00:01]} Bd6 {[%emt 0:00:01]} 12. Bd2 {[%emt 0:00:02]} O-O {[%emt 0:00:01]} 13. Bd3 {[%emt 0:00:02]} Rfe8 {[%emt 0:00:02]} 14. Rc1 {[%emt 0:00:03]} Bxf4 {[%emt 0:00:02]} 15. Kf2 {[%emt 0:00:15]} Bxe3+ {[%emt 0:00:02] Time (Lag: Av=0.33s, max=0.6s)} 0-1

[Event "Stay Safe Play From Home 299"]
[Site "Emanuel Lasker Arena"]
[Date "2020.07.13"]
[Round "6"]
[White "AChessPlayer"]
[Black "Justwatch"]
[Result "1-0"]
[WhiteElo "2370"]
[BlackElo "1704"]
[Annotator "TA"]
[PlyCount "55"]
[EventDate "2020.07.13"]
[EventType "swiss (blitz)"]

{[%evp 10,55,-5,0,29,27,31,21,47,47,37,46,104,101,93,85,89,97,212,196,222,220,213,219,235,212,288,293,578,544,29987,29988,29989,29990,29999,3293,2968,3000,2282,2460,29991,29992,29992,29990,29990,29991,29990,29982]} 1. e3 Nf6 2. Nf3 g6 3. b3 Bg7 4. Bb2 O-O 5. c4 d6 6. Be2 Bg4 {A15: English Opening: 1...Nf6.} 7. d4 Nc6 8. Nc3 a6 {[#] The position is equal.} 9. d5 $146 ({Predecessor:} 9. h3 Bd7 10. Qc2 e5 11. dxe5 Nxe5 12. Nxe5 dxe5 13. O-O Qe7 14. a4 e4 15. Ba3 {1-0 (51) Robeille,J-Chandran,T (1907) ICCF email 2018}) 9... Bxf3 10. gxf3 Ne5 (10... Nb8 $14) 11. f4 $16 Ned7 12. h4 Nc5 13. h5 Nce4 (13... c6 $16 {might work better.}) 14. hxg6 $18 fxg6 15. Qc2 Nxc3 16. Bxc3 Qd7 17. Bd3 Qg4 18. Kd2 b5 $2 (18... Qf3 {is a better defense.} 19. Rh2 e5) 19. Rag1 Qd7 {[#]} 20. Bxg6 $1 {[%mdl 512]} h6 {[#]} (20... hxg6 21. Qxg6) 21. Bh7+ $1 {[%mdl 512]} Kf7 (21... Nxh7 22. Rxg7+) 22. Rxg7+ (22. Qg6# $142) 22... Ke8 23. Qg6+ Kd8 24. Bxf6 exf6 25. Rxd7+ {White mates.} Kxd7 26. Qg7+ Kc8 27. Bf5+ Kb7 28. Qd7 {Black got outplayed after the opening. Accuracy: White = 100%, Black = 34%.} 1-0

[Event "Stay Safe Play From Home 299"]
[Site "Emanuel Lasker Arena"]
[Date "2020.07.13"]
[Round "6"]
[White "Weltszmerc"]
[Black "Trotsky"]
[Result "1-0"]
[WhiteElo "2154"]
[BlackElo "1604"]
[Annotator "TA"]
[PlyCount "85"]
[EventDate "2020.07.13"]
[EventType "swiss (blitz)"]

{[%evp 10,85,22,27,35,38,102,56,204,197,382,296,310,306,331,287,397,400,439,408,942,866,879,871,981,972,972,963,942,881,974,980,917,928,915,826,789,741,702,411,768,618,856,702,1103,1095,1075,871,871,867,835,822,841,810,29981,29982,29982,29982,29984,29980,29989,29987,29991,29992,29992,29993,29993,29994,29994,29993,29993,29992,29995,29994,29994,29990,29990,29991]} 1. d4 d5 2. c4 e6 3. Nf3 c5 4. g3 Nc6 5. cxd5 exd5 6. Bg2 Be6 {D30: Queen's Gambit Declined: Systems without Nc3.} 7. O-O c4 {[#]} (7... Nf6 $14) 8. b3 $146 ({Predecessor:} 8. Nc3 Nf6 9. Bg5 Be7 10. Re1 h6 11. Bf4 a6 12. Ne5 O-O 13. Nxc6 bxc6 14. e4 Qb6 15. exd5 cxd5 16. Qd2 Bb4 {½-½ (42) Murin,P (2026)-Sarocky,L (1838) Namestovo 2017}) 8... Bd6 (8... cxb3 $14 9. Qxb3 Qd7) 9. bxc4 $18 Qc7 $2 {[#]} (9... Nf6 10. cxd5 Bxd5) 10. cxd5 Bxd5 11. Nc3 Bxf3 12. Bxf3 Nf6 13. Nb5 Qb8 14. e4 h5 (14... O-O $142 15. e5 Bxe5 16. dxe5 Qxe5) 15. Nxd6+ Qxd6 16. e5 Nxe5 17. dxe5 Qxd1 18. Rxd1 Ng4 19. Bxb7 Rd8 20. Bc6+ Ke7 21. Ba3+ Ke6 22. f4 Ne3 23. Rxd8 Rxd8 24. Kf2 Nf5 (24... Nc2 $142 25. Rc1 Rd2+ 26. Kf3 Nxa3) 25. Re1 g5 26. fxg5 Nd4 27. Ba4 Rb8 28. Bb3+ Nxb3 29. axb3 Rxb3 {[%mdl 4096] Endgame KRB-KR} 30. Bd6 Rb2+ 31. Re2 Rxe2+ 32. Kxe2 {KB-K3P. White mates.} Kd5 33. h4 Kc6 34. Kd3 Kb6 35. Kc4 a5 {[#]} 36. e6 $1 {[%mdl 64] Promotion} fxe6 37. g6 a4 38. g7 Kc6 39. g8=Q Kxd6 40. Qg5 e5 41. Qxh5 a3 42. Kb3 a2 43. Kxa2 {Black did not feel at home in the position after the opening. Accuracy: White = 73%, Black = 26%.} 1-0